Thơ mới 1932-1945 Tác giả và tác phẩm
Gespeichert in:
| Format: | Buch |
|---|---|
| Sprache: | Vietnamese |
| Veröffentlicht: |
H.
Hội nhà văn
1999
|
| Schlagworte: | |
| Tags: |
Tag hinzufügen
Keine Tags, Fügen Sie den ersten Tag hinzu!
|
| Thư viện lưu trữ: | Trung tâm Học liệu Lê Vũ Hùng, Trường Đại học Đồng Tháp |
|---|
| LEADER | 00712aam a22002298a 4500 | ||
|---|---|---|---|
| 001 | 00029487 | ||
| 005 | 20171026081022.0 | ||
| 008 | 120821s1999 ||||||viesd | ||
| 020 | |c 130000 | ||
| 041 | 0 | # | |a vie |
| 082 | 1 | 4 | |a 895.922 132 08 |b TH460M |
| 245 | 1 | 0 | |a Thơ mới 1932-1945 |b Tác giả và tác phẩm |
| 260 | # | # | |a H. |b Hội nhà văn |c 1999 |
| 300 | # | # | |a 1441 tr. |c 19 cm. |
| 650 | # | 4 | |a Văn học |v Tác phẩm |z Việt Nam |
| 653 | # | # | |a 1932-1945 |
| 653 | # | # | |a Thơ |
| 653 | # | # | |a Văn học Việt Nam |
| 852 | # | # | |b Kho đọc |j KD.0013878 |
| 852 | # | # | |j KD.0013878 |
| 910 | 0 | # | |d 27/8/2012 |a kchi |
| 980 | # | # | |a Trung tâm Học liệu Lê Vũ Hùng, Trường Đại học Đồng Tháp |